| 000 | 00630nam a22001937a 4500 | ||
|---|---|---|---|
| 005 | 20240401150558.0 | ||
| 010 | _aENG-135439 | ||
| 020 |
_a9789389146349 _c230.00 |
||
| 035 | _aEN-118971 | ||
| 037 | _bDBAD/PUB | ||
| 082 | _a621 | ||
| 100 |
_aM.jegadeesan _964096 |
||
| 245 |
_aPower Quality/ _cby m.jegadeesan [and] c.vimalarani |
||
| 260 |
_bshanlax publications _c2019 |
||
| 270 |
_a61/66t.p.k. main road vasantha nagar madurai _btamil nadu _e625003 _k0452-4208765 _mpublisher@shanlaxpublications.com |
||
| 300 |
_a167p. _c22cm(pbk) |
||
| 700 |
_ac.vimalarani _eAuthor _964097 |
||
| 942 |
_2ddc _cEN _mJEG _h621 |
||
| 999 |
_c193166 _d193166 |
||